Euroopan maat - Satunnainen "hirsipuu" - Statistics

Yleistilastot
  • Tätä visaa on pelattu 307 kertaa
  • Keskiarvotulos 5 / 7
Vastaustilastot
Kirjeet % Oikein
A
100%
A
100%
A
100%
A
100%
A
100%
A
100%
A
100%
A
100%
A
100%
A
100%
A
100%
B
100%
I
100%
I
100%
I
100%
L
100%
N
100%
N
100%
O
100%
S
100%
A
92%
A
92%
A
89%
E
89%
A
88%
A
88%
D
88%
N
88%
R
88%
R
88%
E
86%
I
86%
I
86%
I
86%
T
86%
I
85%
I
83%
I
83%
T
83%
I
78%
I
78%
L
78%
T
78%
T
78%
U
78%
K
77%
N
77%
R
77%
A
75%
A
75%
E
75%
L
75%
N
75%
L
71%
R
71%
U
69%
I
63%
T
63%
L
60%
M
56%
N
56%
E
50%
J
50%
K
50%
N
50%
O
50%
P
50%
S
50%
S
50%
S
50%
T
50%
V
50%
O
44%
R
44%
D
40%
M
40%
O
40%
O
40%
V
40%
R
29%
R
25%
K
14%
K
14%
K
14%
Ehtoja vastaavia visoja ei löytynyt
Tulosjakauma
Jokaisen tuloksen saaneiden osuus
Persentiili vastausten määrän mukaan
Tuloshistoriasi
Et ole pelannut tätä visaa